Los católicos y el capitalismo /

Uloženo v:
Podrobná bibliografie
Hlavní autor: Salleron, Louis (autor)
Médium: Kniha
Jazyk:španělština
Vydáno: Valencia, España : Fomento de Cultura, 1953
Témata:
Tagy: Přidat tag
Žádné tagy, Buďte první, kdo vytvoří štítek k tomuto záznamu!

MARC

LEADER 00000nam^a2200000^a^4500
001 000006386
005 20250521000000.0
009 20260310083423.72
037 |a Acervo ITESO - Biblioteca 
041 |a ESP 
082 |a 261. 85  |b SAL 
100 |a Salleron, Louis  |e (autor) 
245 1 4 |a Los católicos y el capitalismo /  |c L. Salleron. 
264 1 |a Valencia, España :  |b Fomento de Cultura,  |c 1953 
300 |a 303 p. 
336 |a texto  |b txt  |2 rdacontenido 
337 |a sin mediación  |b n  |2 rdamedio 
338 |a volumen  |b nc  |2 rdasoporte 
500 |a Traducción de: Les catholiques et le capitalisme 
649 |a XX 
650 |a Iglesia y Problemas Sociales 
650 |a Catolicismo 
650 |a Capitalismo 
910 |a Fondo General 
920 |a Impresos - Libros 
930 |a Colección General 
905 |a 101 
901 |a 0063860100  |b IT1  |c ACC  |i 006386  |u 20250521 
902 |a https://opac.biblio.iteso.mx/vufind/Record/000006386